000 00695nam a2200217 a 4500
001 BRCA_1306
005 20190320203352.0
008 270508s1985----sp-a---###---#000-0#spa-#
020 _a8425316502
050 4 _aNK2270
_b.W55 1985
100 1 _aWills, Geoffrey
_94275
245 1 0 _aEl mueble
_bhistoria, diseño, tipos y estilos
_cGeoffrey Wills, Daniele Baroni, Brunetto Chiarelli.
260 _aBarcelona
_bGrijalbo
_c1985
300 _a419 p.
_bil. (algunas a color)
_c28 cm.
500 _aIncluye índice de nombres
504 _aBibliografía: p. 409-413
650 1 4 _aMuebles
_xHistoria
_94173
700 1 _aBaroni, Daniele
_94276
700 1 _aChiarelli, Brunetto
_94277
942 _2lcc
_cB
999 _c1172
_d1172